000
00281nam a2200109Ia 4500
001
1268722
005
20260417145255.0
008
260417s9999 xx 000 0 und d
020
_a
9786256309210
245
0
_a
Cenk Hikayeleri - Tuzak
_c
Yavuz Bahadıroğlu
260
_b
Ketebe Genç
999
_c
1268722
_d
1268722